Cartel contemporáneo polaco 1945-2006 (Record no. 10940)
[ view plain ]
| 000 -CABECERA | |
|---|---|
| campo de control de longitud fija | 01077nam a22002777a 4500 |
| 001 - NÚMERO DE CONTROL | |
| campo de control | BRCA_9318 |
| 003 - IDENTIFICADOR DEL NÚMERO DE CONTROL | |
| campo de control | FranzMayer |
| 005 - FECHA Y HORA DE LA ÚLTIMA TRANSACCIÓN | |
| campo de control | 20230918115727.0 |
| 008 - DATOS DE LONGITUD FIJA--INFORMACIÓN GENERAL | |
| campo de control de longitud fija | 230816b |||||||| |||| 00| 0 eng d |
| 020 ## - NÚMERO INTERNACIONAL ESTÁNDAR DEL LIBRO | |
| Número Internacional Estándar del Libro | 9703107788 |
| 040 ## - FUENTE DE LA CATALOGACIÓN | |
| Centro catalogador/agencia de origen | MFM |
| Lengua de catalogación | esp |
| Centro/agencia transcriptor | MFM |
| 050 #0 - SIGNATURA TOPOGRÁFICA DE LA BIBLIOTECA DEL CONGRESO | |
| Número de clasificación | N3150 |
| Número de documento/Ítem | P33 2006 |
| 100 1# - ENTRADA PRINCIPAL--NOMBRE DE PERSONA | |
| Código de función/relación | Autor |
| Nombre de persona | Paciorek, Barbara |
| 9 (RLIN) | 29066 |
| 240 ## - TÍTULO UNIFORME | |
| Título uniforme | Cartel contemporáneo polaco 1945-2006 |
| Lenguaje de la obra | español |
| 245 0# - MENCIÓN DE TÍTULO | |
| Título | Cartel contemporáneo polaco 1945-2006 |
| 260 ## - PUBLICACIÓN, DISTRIBUCIÓN, ETC. | |
| Lugar de publicación, distribución, etc. | México |
| Nombre del editor, distribuidor, etc. | Universidad Autónoma Metropolitana |
| Fecha de publicación, distribución, etc. | 2006 |
| 300 ## - DESCRIPCIÓN FÍSICA | |
| Extensión | 174 p |
| Otras características físicas | Ilustraciones a color |
| Dimensiones | 30 cm |
| 500 ## - NOTA GENERAL | |
| Nota general | Anexo 1 |
| 505 ## - NOTA DE CONTENIDO CON FORMATO | |
| Nota de contenido con formato | Texto en: españolBibliografía: 173-174Incluye índice temáticoDirigido a: artistas, historiadores, diseñadores gráficos |
| 610 ## - PUNTO DE ACCESO ADICIONAL DE MATERIA--NOMBRE DE ENTIDAD CORPORATIVA | |
| Nombre de entidad corporativa o nombre de jurisdicción como elemento de entrada | Embajada de la Republica de Polonia en México |
| 9 (RLIN) | 29067 |
| 650 1# - PUNTO DE ACCESO ADICIONAL DE MATERIA--TÉRMINO DE MATERIA | |
| Fuente del encabezamiento o término | Artes visuales |
| Término de materia o nombre geográfico como elemento de entrada | Arte urbano |
| Subdivisión de forma | Historia del arte |
| 9 (RLIN) | 29068 |
| 651 2# - PUNTO DE ACCESO ADICIONAL DE MATERIA--NOMBRE GEOGRÁFICO | |
| Fuente del encabezamiento o término | Arte Europeo |
| Nombre geográfico | Polonia |
| Subdivisión de forma | Arte contemporáneo |
| 9 (RLIN) | 29069 |
| 700 ## - PUNTO DE ACCESO ADICIONAL--NOMBRE DE PERSONA | |
| Código de función/relación | Corr. |
| Nombre de persona | Arroyo Urióstegui, Ana Julia |
| 9 (RLIN) | 29070 |
| 700 1# - PUNTO DE ACCESO ADICIONAL--NOMBRE DE PERSONA | |
| Código de función/relación | Dis. |
| Nombre de persona | Aguilar Sánchez, Liliana |
| 9 (RLIN) | 29071 |
| 942 ## - ELEMENTOS DE PUNTO DE ACCESO ADICIONAL (KOHA) | |
| Fuente del sistema de clasificación o colocación | Library of Congress Classification |
| Tipo de ítem Koha | Libros |
| Estado de retiro | Estado de pérdida | Fuente del sistema de clasificación o colocación | Estado dañado | No para préstamo | Código de colección | Localización permanente | Ubicación/localización actual | Fecha de adquisición | Fuente de adquisición | Total de préstamos | Signatura topográfica completa | Código de barras | Fecha visto por última vez | Precio válido a partir de | Tipo de ítem Koha |
|---|---|---|---|---|---|---|---|---|---|---|---|---|---|---|---|
| El ejemplar forma parte de la colección y puede ser consultado según las políticas vigentes. | Library of Congress Classification | Fondo Contemporáneo | Biblioteca del Museo Franz Mayer (Rogerio Casas-Alatriste) | Biblioteca del Museo Franz Mayer (Rogerio Casas-Alatriste) | 16/08/2023 | Donación | N3150 P33 2006 | CONT10074 | 16/08/2023 | 16/08/2023 | Libros |